LEADER 01580nam--2200457---450- 001 990000096180203316 005 20090722113259.0 010 $a88-324-3978-6 035 $a0009618 035 $aUSA010009618 035 $a(ALEPH)000009618USA01 035 $a0009618 100 $a20000927d2000----km-y0itay0103----ba 101 $aita 102 $aIT 105 $a||||||||001yy 200 1 $aPMI Gli strumenti a sostegno dello sviluppo locale$eanalisi della normativa italiana e comunitaria a supporto della concertazione per lo sviluppo delle piccole e medie imprese$fNicola Zerboni 205 $a2.ed. 210 $aMilano$cIl sole 24 ore$dcopyr.2000 215 $aXIV, 334 p.$d24 cm 225 2 $aSocietáa 410 0 $12001$aSocietáa 461 1$1001-------$12001 606 0 $aMedie imprese$xFinanziamenti$xLegislazione 606 0 $aPiccole imprese$xFinanziamenti$xLegislazione 676 $a346.45066 700 1$aZERBONI,$bNicola$0416179 801 0$aIT$bsalbc$gISBD 912 $a990000096180203316 951 $aXXV.3.C 90 (IG II 659/A)$b26732 G.$cXXV.3.C 90 (IG II)$d00006418 959 $aBK 979 $aTAMI$b40$c20000927$lUSA01$h1801 979 $aTAMI$b40$c20000927$lUSA01$h1805 979 $aTAMI$b40$c20000928$lUSA01$h1030 979 $c20001110$lUSA01$h1710 979 $c20020403$lUSA01$h1617 979 $aPATRY$b90$c20040406$lUSA01$h1607 979 $aRSIAV2$b90$c20090722$lUSA01$h1132 979 $aCHIARA$b90$c20110519$lUSA01$h1422 996 $aPMI Gli strumenti a sostegno dello sviluppo locale$9881540 997 $aUNISA LEADER 03402oam 2200733I 450 001 9910789607403321 005 20230126204658.0 010 $a1-134-00577-6 010 $a1-283-10201-3 010 $a9786613102010 010 $a1-134-00578-4 010 $a0-203-87858-2 024 7 $a10.4324/9780203878583 035 $a(CKB)2670000000082134 035 $a(EBL)672421 035 $a(OCoLC)764571837 035 $a(SSID)ssj0000467853 035 $a(PQKBManifestationID)11342625 035 $a(PQKBTitleCode)TC0000467853 035 $a(PQKBWorkID)10497543 035 $a(PQKB)11369791 035 $a(MiAaPQ)EBC672421 035 $a(Au-PeEL)EBL672421 035 $a(CaPaEBR)ebr10462462 035 $a(CaONFJC)MIL310201 035 $a(OCoLC)713022990 035 $a(EXLCZ)992670000000082134 100 $a20180706d2011 uy 0 101 0 $aeng 135 $aur|n|---||||| 181 $ctxt 182 $cc 183 $acr 200 02$aA companion to life course studies $ethe social and historical context of the British birth cohort studies /$fedited by Michael Wadsworth and John Bynner 210 1$aLondon :$cRoutledge,$d2011. 215 $a1 online resource (257 p.) 225 1 $aRoutledge advances in sociology ;$v53 300 $aDescription based upon print version of record. 311 $a1-138-01984-4 311 $a0-415-49540-7 320 $aIncludes bibliographical references and index. 327 $aIntroduction / Michael Wadsworth and John Bynner -- Politics, citizenship, and social capital / Lindsay Paterson -- Family structure, family policy, and practice / Lynda Clarke and Ceridwen Roberts -- Education policy and practice / Gary McCulloch -- Economic policy and practice / Hugh Pemberton -- Labour market, employment, and skills / David Ashton and John Bynner -- Health policy and practice / Michael Wadsworth -- Leisure, stability, and change / Ken Roberts -- Changing Britain, changing generations / John Bynner and Michael Wadsworth. 330 $aSince the end of the Second World War, society has been characterised by rapid and extensive political, economic, scientific, and technological change. Opportunities for education, employment, human relations, and good health, have all been greatly affected by those changes, as have all aspects of life. Consequently, each post-war generation has been like no other before or since.Britain, uniquely, has five large-scale life course studies that began at intervals throughout that period. They have shown how lives are shaped by individual characteristics, their past and current experien 410 0$aRoutledge advances in sociology ;$v53. 606 $aCohort analysis 606 $aSocial capital (Sociology)$zGreat Britain$vCase studies 606 $aFamilies$zGreat Britain 606 $aSocial change 607 $aGreat Britain$xEconomic policy 607 $aGreat Britain$xSocial policy 615 0$aCohort analysis. 615 0$aSocial capital (Sociology) 615 0$aFamilies 615 0$aSocial change. 676 $a304.6/1 701 $aBynner$b J. M$0127769 701 $aWadsworth$b Michael E. J$g(Michael Edwin John)$01512079 801 0$bMiAaPQ 801 1$bMiAaPQ 801 2$bMiAaPQ 906 $aBOOK 912 $a9910789607403321 996 $aA companion to life course studies$93745742 997 $aUNINA